|
|
|
|
| LEADER |
01158nam a2200325 a 4500 |
| 001 |
c000174667 |
| 003 |
CARM |
| 005 |
20041027150308.0 |
| 008 |
710303s1970 enk b 001 0 eng |
| 010 |
|
|
|a 77539964
|
| 015 |
|
|
|a B70-21636
|
| 019 |
1 |
|
|a 838610
|z 54027931
|5 LACONCORD2021
|
| 020 |
|
|
|a 0702003409
|
| 035 |
|
|
|a (OCoLC)123636
|5 LACONCORD2021
|
| 040 |
|
|
|a LC
|b eng
|c LC
|d NCP
|
| 043 |
|
|
|a e-uk---
|
| 050 |
0 |
0 |
|a HV687.5.G7
|b G37
|
| 082 |
0 |
0 |
|a 362/.942
|
| 082 |
0 |
4 |
|a 362/.942
|
| 100 |
1 |
|
|a Garrad, Jessie.
|
| 245 |
1 |
0 |
|a Social aspects of clinical medicine,
|c by Jessie Garrad and Sir Max Rosenheim.
|
| 260 |
|
|
|a London,
|b Baillière, Tindall & Cassell,
|c 1970.
|
| 300 |
|
|
|a [8], 174 p.
|c 22 cm.
|
| 504 |
|
|
|a Bibliography: p. 152-163.
|
| 650 |
|
0 |
|a Medical social work
|z Great Britain.
|
| 650 |
|
0 |
|a Medical cooperation
|z Great Britain.
|
| 700 |
1 |
|
|a Rosenheim, M. L.
|q (Max Leonard),
|d 1908-,
|e joint author.
|
| 852 |
8 |
|
|b CARM
|h A2:AK09B0
|i B05334
|p 0246034
|f BK
|
| 999 |
f |
f |
|i 21a64ef4-b5bf-57b3-a3e5-34d99d9aeb29
|s 280ffa79-4824-5a02-889b-85d46abd833d
|
| 952 |
f |
f |
|p Can circulate
|a CAVAL
|b CAVAL
|c CAVAL
|d CARM 1 Store
|e B05334
|f A2:AK09B0
|h Other scheme
|i book
|m 0246034
|